| 000 | 01414nam a2200337Ia 4500 | ||
|---|---|---|---|
| 001 | ebr10428820 | ||
| 003 | CaPaEBR | ||
| 006 | m u | ||
| 007 | cr cn||||||||| | ||
| 008 | 091119s2010 enk s 000 0 eng d | ||
| 020 | _z9781848853362 (hbk.) | ||
| 020 | _z184885336X (hbk.) | ||
| 040 |
_aCaPaEBR _cCaPaEBR |
||
| 035 | _a(OCoLC)698373342 | ||
| 050 | 1 | 4 |
_aHC830 _b.M57 2010eb |
| 082 | 0 | 4 |
_a337.4062 _222 |
| 100 | 1 | _aMishrif, Ashraf. | |
| 245 | 1 | 0 |
_aInvesting in the Middle East _h[electronic resource] : _bthe political economy of European direct investment in Egypt / _cAshraf Mishrif. |
| 260 |
_aLondon ; _aNew York : _bTauris Academic Studies, _c2010. |
||
| 300 | _axiv, 303 p. | ||
| 490 | 1 | _aInternational library of economics | |
| 533 |
_aElectronic reproduction. _bPalo Alto, Calif. : _cebrary, _d2011. _nAvailable via World Wide Web. _nAccess may be limited to ebrary affiliated libraries. |
||
| 650 | 0 |
_aInvestments, European _zEgypt. |
|
| 651 | 0 |
_aEuropean Union countries _xForeign economic relations _zEgypt. |
|
| 651 | 0 |
_aEgypt _xForeign economic relations _zEuropean Union countries. |
|
| 651 | 0 |
_aEgypt _xEconomic conditions. |
|
| 655 | 7 |
_aElectronic books. _2local |
|
| 710 | 2 | _aebrary, Inc. | |
| 830 | 0 | _aInternational library of economics. | |
| 856 | 4 | 0 |
_uhttp://site.ebrary.com/lib/rucke/Doc?id=10428820 _zAn electronic book accessible through the World Wide Web; click to view |
| 999 |
_c232594 _d232594 |
||